[Event "Kaluga Tsiolkovsky Memorial op"]
[Site "Kaluga"]
[Date "2016.08.13"]
[Round "7"]
[White "Kartanov, Artem"]
[Black "Odegov, Ivan"]
[Result "0-1"]
[WhiteElo "1685"]
[BlackElo "1885"]
[PlyCount "60"]
[EventDate "2016.08.06"]
[EventType "swiss"]
[EventRounds "9"]
[EventCountry "RUS"]
[SourceTitle "CBM 174 Extra"]
[Source "ChessBase"]
[SourceDate "2016.10.10"]
[SourceVersion "1"]
[SourceVersionDate "2016.10.10"]
[SourceQuality "1"]

1. f4 e5 2. fxe5 d6 3. exd6 Bxd6 4. Nf3 g5 5. d4 g4 6. Ng5 f5 7. e4 Be7 8. exf5 Bxg5 9. Qe2+ Kf8 10. Bxg5 Qxg5 11. Qe5 Qe7 12. Bd3 Nc6 13. Qxe7+ Ngxe7 14. f6 Nd5 15. c3 Nxf6 16. 0-0 Kg7 17. Nd2 Bd7 18. Nc4 Rae8 19. Rf2 Rhf8 20. Raf1 h5 21. Nd2 Nd5 22. Bc4 Rxf2 23. Rxf2 Re1+ 24. Nf1 Nf6 25. Bb3 Na5 26. Bc2 Bb5 27. Rf5 Rxf1+ 28. Rxf1 Bxf1 29. Kxf1 Nc4 30. b3 Ne3+ 0-1